000
00331nam a2200133Ia 4500
008
240624s9999 xx 000 0 und d
041
_a
eng
082
_a
338.4762 MIY
100
_a
MIYAZAKI KUMIKO
245
_a
BUILDING COMPETENCES IN THE FIRM LESSONS
260
_c
1995
_a
Macmillan,1995
300
_a
321 p.
365
_c
ERU
_b
31
999
_c
31375
_d
31375